ბათუმის შოთა რუსთაველის სახელმწიფო უნივერსიტეტის ბიბლიოთეკა

Основы животноводства (ბიბ.ჩანაწერი № 45798)

000 -LEADER
fixed length control field 00468nam a2200181Ia 4500
001 - CONTROL NUMBER
control field 12626
003 - CONTROL NUMBER IDENTIFIER
control field GE_BSU
008 - FIXED-LENGTH DATA ELEMENTS--GENERAL INFORMATION
fixed length control field 181216s||||||||xx |||||||||||||| ||und||
040 ## - CATALOGING SOURCE
Transcribing agency GE_BSU
100 ## - MAIN ENTRY--PERSONAL NAME
Personal name Левин,А.Б.
245 ## - TITLE STATEMENT
Title Основы животноводства
260 ## - PUBLICATION, DISTRIBUTION, ETC.
Place of publication, distribution, etc. Москва
260 ## - PUBLICATION, DISTRIBUTION, ETC.
Name of publisher, distributor, etc. Высшая школа
260 ## - PUBLICATION, DISTRIBUTION, ETC.
Date of publication, distribution, etc. 1977
300 ## - PHYSICAL DESCRIPTION
Extent 236стр.21см.илл.
653 ## - INDEX TERM--UNCONTROLLED
Uncontrolled term Основы животноводства
942 ## - ADDED ENTRY ELEMENTS (KOHA)
Koha item type წიგნი
ეგზემპლარები
Withdrawn status Lost status Damaged status Not for loan Date acquired Barcode Date last seen Price effective from Koha item type
        2018-12-17 20580 2018-12-17 2018-12-17 წიგნი
        2018-12-17 20581 2018-12-17 2018-12-17 წიგნი